|
|
|
|
| LEADER |
00000nam2a2200000 4500 |
| 001 |
356208 |
| 005 |
20231102010855.0 |
| 035 |
|
|
|a (RuTPU)RU\TPU\retro\13468
|
| 035 |
|
|
|a RU\TPU\retro\13459
|
| 090 |
|
|
|a 356208
|
| 100 |
|
|
|a 20200716d1970 k y0rusy50 ca
|
| 101 |
0 |
|
|a rus
|
| 102 |
|
|
|a RU
|
| 105 |
|
|
|a a z 001zy
|
| 200 |
0 |
|
|a Вып. 67 : Физическая химия и электрохимия
|e [сборник]
|f под ред. Т. И. Мельниковой
|
| 210 |
|
|
|d 1970
|
| 215 |
|
|
|a 272 с.
|c ил.
|
| 320 |
|
|
|a Библиогр. в конце ст.
|
| 461 |
|
1 |
|0 (RuTPU)RU\TPU\book\349137
|t Труды Московского химико-технологического института им. Д. И. Менделеева
|f Московский химико-технологический институт им. Д. И. Менделеева (МХТИ)
|v Вып. 67 : Физическая химия и электрохимия
|d 1932-1989
|
| 606 |
1 |
|
|a Физическая химия
|2 stltpush
|3 (RuTPU)RU\TPU\subj\67669
|9 83390
|
| 606 |
1 |
|
|a Электрохимия
|2 stltpush
|3 (RuTPU)RU\TPU\subj\21014
|9 46066
|
| 610 |
1 |
|
|a теплота образования
|
| 610 |
1 |
|
|a термодинамика
|
| 610 |
1 |
|
|a кинетика
|
| 610 |
1 |
|
|a титрование
|
| 610 |
1 |
|
|a плотности
|
| 610 |
1 |
|
|a растворимость
|
| 610 |
1 |
|
|a изотопный обмен
|
| 610 |
1 |
|
|a электросинтез
|
| 610 |
1 |
|
|a спектрофотометрия
|
| 675 |
|
|
|a 544
|v 4
|
| 675 |
|
|
|a 544.6
|v 4
|
| 702 |
|
1 |
|a Мельникова
|b Т. И.
|4 340
|
| 801 |
|
1 |
|a RU
|b 63413507
|c 20161109
|
| 801 |
|
2 |
|a RU
|b 63413507
|c 20200716
|g RCR
|
| 942 |
|
|
|c BK
|